[Event "Stay Safe Play From Home 359"]
[Site "Emanuel Lasker Arena"]
[Date "2020.08.05"]
[Round "3"]
[White "Stefanone"]
[Black "Uber_WING"]
[Result "0-1"]
[WhiteElo "1936"]
[BlackElo "2295"]
[Annotator "TA"]
[PlyCount "76"]
[EventDate "2020.08.05"]
[EventType "swiss (blitz)"]

{[%evp 9,75,-31,-20,-31,13,-25,-27,-24,-32,-23,-25,-28,-11,-22,28,26,52,-10,19,12,16,-20,-25,-87,-91,-89,-35,-66,-52,-84,-64,-64,-62,-107,-84,-225,-202,-244,-24,-79,121,109,265,0,-24,-476,-484,-478,-423,-1021,-1021,-29985,-29986,-29987,-29987,-29987,-29988,-29988,-29989,-29989,-29985,-29994,-29995,-29996,-29997,-29998,-29999,-29999]} 1. d4 c5 2. e3 cxd4 3. exd4 d5 4. c3 Nc6 5. f4 Nf6 6. Nf3 {B13: Caro-Kann: Exchange Variation and Panov-Botvinnik Attack.} Bg4 7. Be2 e6 8. Ne5 {Black has an edge.} Bxe2 9. Qxe2 Bd6 10. O-O Qc7 11. Be3 {[#]} O-O-O $146 ({Predecessor:} 11... O-O 12. Nd2 a6 13. Bf2 Rab8 14. Bh4 Nd7 15. Qg4 f5 16. Qg3 Bxe5 17. fxe5 Qb6 {0-1 (75) Van Eckeren,A (1223)-Froitzheim,R (1831) Troisdorf 2005}) 12. Nd2 Rhe8 13. g4 (13. b4 $14) 13... Ne4 14. Nxe4 dxe4 15. Qg2 f5 16. g5 (16. gxf5 $11 exf5 17. Qe2) 16... Bxe5 17. fxe5 Qb6 ({Black should try} 17... Kb8 $17) 18. Qf2 {Hoping for d5!} Qa6 19. a4 Qd3 20. Rfd1 Qc4 21. a5 a6 22. b3 (22. Qf1 $17 Qb3 23. Qe2) 22... Qxb3 23. Rab1 Qd5 $2 ({Black should play} 23... Qc4 $19 {Threatens to win with ...Rd5.} 24. Qc2 Rd5) 24. c4 (24. Qb2 $11 Re7 25. c4 Qxc4 26. Rdc1) 24... Qxa5 $2 {[#]} (24... Qxc4 $17 {and life is bright. White must now prevent ...Rd5.} 25. Qb2 Qb5 26. Qxb5 axb5 27. Rxb5 Rd5 28. Rxd5 exd5) 25. d5 $1 $16 {[%cal Rd5c6][%mdl 512]} exd5 $2 {[#]} (25... Nxe5 $16 {was necessary.} 26. Bb6 {[%mdl 64] Double Attack} Qa3 27. Bxd8 Ng4) 26. cxd5 $2 ({Less strong is} 26. Qxf5+ Kb8 $16) (26. Bb6 $1 $18 {[%cal Rb6a5]} Qc3 27. cxd5 Qxe5 28. dxc6 (28. Bxd8 Nxd8 29. Qa7 Kd7 $11) 28... Rxd1+ 29. Rxd1 bxc6 {[#]} 30. Qc2 $1 {[%mdl 512]}) 26... Rxd5 $11 27. Bb6 $2 {[%mdl 8192]} (27. Qxf5+ $11 {and White stays safe.} Kb8 28. Qf7 Rxd1+ 29. Rxd1) 27... Rxd1+ $19 28. Rxd1 Qxe5 29. Bc5 (29. Qd2 $142) 29... e3 30. Qf3 Qxc5 {Black mates.} 31. Re1 e2+ 32. Kg2 Nd4 33. Qf2 Qc6+ 34. Kg3 f4+ 35. Kg4 Qe6+ 36. Kh4 Nf5+ 37. Kg4 {[#]} Ne3+ $1 {[%mdl 64] Discovered Attack (Double check)} 38. Kf3 Qg4# {Accuracy: White = 30%, Black = 47%.} 0-1

[Event "Stay Safe Play From Home 359"]
[Site "Emanuel Lasker Arena"]
[Date "2020.08.05"]
[Round "3"]
[White "Padmaesh M K"]
[Black "AChessPlayer"]
[Result "0-1"]
[WhiteElo "1821"]
[BlackElo "2437"]
[Annotator "TA"]
[PlyCount "44"]
[EventDate "2020.08.05"]
[EventType "swiss (blitz)"]

{[%evp 16,44,85,83,97,77,103,92,100,23,34,-14,-7,-50,-33,-123,-110,-527,-529,-564,-575,-631,-626,-690,-683,-693,-682,-1141,-1127,-1079,-1067]} 1. Nf3 Nf6 2. d4 d6 3. c4 Nbd7 4. Nc3 c5 5. d5 g6 6. e4 Bg7 7. Be2 O-O 8. O-O a6 9. a4 Ne8 {E91: King's Indian: Classical: 6 Be2, unusual replies including 6...c5 and 6...Bg4.} 10. Be3 Nc7 11. Qc2 Rb8 {White is better.} 12. Nd2 {[#]} (12. Qd2 $16) 12... e6 $146 ({Predecessor:} 12... b6 13. Rae1 e5 14. Kh1 a5 15. Qc1 f5 16. f4 exf4 17. Bxf4 Ne5 18. exf5 Bxf5 {1-0 (36) Meunier,C (2132)-Jackson,T (1694) Saint Affrique 2014}) 13. f4 exd5 14. Nxd5 Nxd5 15. exd5 ({White should play} 15. cxd5 $15 Qe7 16. Bf2) 15... Re8 $17 16. Bf2 $2 {[%mdl 8192]} (16. Ra3 $17 {is tougher.}) 16... Rxe2 $19 {Black is clearly winning.} 17. Qd3 {[#]} Rxf2 $1 18. Rxf2 Bxb2 19. Rb1 Bd4 20. h3 Nf6 21. Nf3 Bf5 22. Qb3 Bxf2+ {White did not feel at home in the position after the opening. Accuracy: White = 29%, Black = 90%.} 0-1

[Event "Stay Safe Play From Home 359"]
[Site "Emanuel Lasker Arena"]
[Date "2020.08.05"]
[Round "3"]
[White "Edmatuag"]
[Black "Buzaglo"]
[Result "1/2-1/2"]
[WhiteElo "1714"]
[BlackElo "1848"]
[Annotator "NA RC"]
[PlyCount "136"]
[EventDate "2020.08.05"]
[EventType "swiss (blitz)"]

1. e4 {[%emt 0:00:02]} e6 {[%emt 0:00:00]} 2. Nf3 {[%emt 0:00:01]} d5 {[%emt 0:00:00]} 3. d3 {[%emt 0:00:01]} d4 {[%emt 0:00:03]} 4. Be2 {[%emt 0:00:02]} c5 {[%emt 0:00:00]} 5. Bf4 {[%emt 0:00:01]} Bd7 {[%emt 0:00:02]} 6. Nbd2 {[%emt 0:00:01]} Nc6 {[%emt 0:00:01]} 7. Nc4 {[%emt 0:00:01]} h6 {[%emt 0:00:02]} 8. Nd6+ {[%emt 0:00:01]} Bxd6 {[%emt 0:00:01]} 9. Bxd6 {[%emt 0:00:00]} Nge7 {[%emt 0:00:01]} 10. Bxc5 {[%emt 0:00:01]} O-O {[%emt 0:00:01]} 11. Bxd4 {[%emt 0:00:01]} Nxd4 {[%emt 0:00:01]} 12. Nxd4 {[%emt 0:00:01]} Re8 {[%emt 0:00:02]} 13. O-O {[%emt 0:00:03]} e5 {[%emt 0:00:00]} 14. Nf3 {[%emt 0:00:01]} Nc6 {[%emt 0:00:01]} 15. c3 {[%emt 0:00:01]} Bg4 {[%emt 0:00:01]} 16. Qb3 {[%emt 0:00:01]} Qc7 {[%emt 0:00:01]} 17. d4 {[%emt 0:00:02]} exd4 {[%emt 0:00:01]} 18. Nxd4 {[%emt 0:00:02]} Nxd4 {[%emt 0:00:03]} 19. cxd4 {[%emt 0:00:04]} Bxe2 {[%emt 0:00:02]} 20. Rfc1 {[%emt 0:00:02]} Qf4 {[%emt 0:00:03]} 21. e5 {[%emt 0:00:03]} Qxd4 {[%emt 0:00:02]} 22. Qc3 {[%emt 0:00:02]} Qxc3 {[%emt 0:00:01]} 23. Rxc3 {[%emt 0:00:00]} Rxe5 {[%emt 0:00:01]} 24. Re1 {[%emt 0:00:01]} Rae8 {[%emt 0:00:01]} 25. h3 {[%emt 0:00:01]} Ba6 {[%emt 0:00:02]} 26. Rec1 {[%emt 0:00:01]} Re1+ {[%emt 0:00:01]} 27. Kh2 {[%emt 0:00:01]} Rxc1 {[%emt 0:00:01]} 28. Rxc1 {[%emt 0:00:00]} b5 {[%emt 0:00:00]} 29. a3 {[%emt 0:00:01]} Rc8 {[%emt 0:00:01]} 30. Re1 {[%emt 0:00:02]} Rc2 {[%emt 0:00:01]} 31. b4 {[%emt 0:00:02]} Rc3 {[%emt 0:00:01]} 32. Re7 {[%emt 0:00:01]} Rxa3 {[%emt 0:00:02]} 33. Rxa7 {[%emt 0:00:00]} Ra4 {[%emt 0:00:01]} 34. Rc7 {[%emt 0:00:01]} Kh7 {[%emt 0:00:01]} 35. Ra7 {[%emt 0:00:00]} Kg6 {[%emt 0:00:01]} 36. Rc7 {[%emt 0:00:00]} Ra2 {[%emt 0:00:02]} 37. Ra7 {[%emt 0:00:00]} Ra1 {[%emt 0:00:01]} 38. Rc7 {[%emt 0:00:00]} Ra4 {[%emt 0:00:02]} 39. Rc5 {[%emt 0:00:00]} Rxb4 {[%emt 0:00:00]} 40. Kg3 {[%emt 0:00:00]} Bc8 {[%emt 0:00:01]} 41. f3 {[%emt 0:00:00]} Be6 {[%emt 0:00:00]} 42. Rc7 {[%emt 0:00:01]} Rb1 {[%emt 0:00:00]} 43. Rc3 {[%emt 0:00:01]} b4 {[%emt 0:00:00]} 44. Re3 {[%emt 0:00:01]} b3 {[%emt 0:00:01]} 45. Kf4 {[%emt 0:00:00]} b2 {[%emt 0:00:01]} 46. g4 {[%emt 0:00:03]} Ba2 {[%emt 0:00:01]} 47. h4 {[%emt 0:00:00]} Rc1 {[%emt 0:00:01]} 48. h5+ {[%emt 0:00:00]} Kf6 {[%emt 0:00:01]} 49. Re5 {[%emt 0:00:01]} Rc4+ {[%emt 0:00:01]} 50. Re4 {[%emt 0:00:01]} Rxe4+ {[%emt 0:00:00]} 51. fxe4 {[%emt 0:00:00]} b1=Q {[%emt 0:00:00]} 52. e5+ {[%emt 0:00:00]} Ke6 {[%emt 0:00:01]} 53. g5 {[%emt 0:00:00]} Qb2 {[%emt 0:00:00]} 54. Kg3 {[%emt 0:00:00]} Qxe5+ {[%emt 0:00:00]} 55. Kf3 {[%emt 0:00:00]} Qxg5 {[%emt 0:00:00]} 56. Ke2 {[%emt 0:00:01]} Qxh5+ {[%emt 0:00:00]} 57. Kd2 {[%emt 0:00:01]} Bd5 {[%emt 0:00:00]} 58. Kc3 {[%emt 0:00:00]} g5 {[%emt 0:00:00]} 59. Kb4 {[%emt 0:00:00]} f5 {[%emt 0:00:00]} 60. Kc5 {[%emt 0:00:00]} Qf3 {[%emt 0:00:00]} 61. Kd4 {[%emt 0:00:00]} Qe4+ {[%emt 0:00:00]} 62. Kc3 {[%emt 0:00:00]} Qc4+ {[%emt 0:00:00]} 63. Kd2 {[%emt 0:00:00]} f4 {[%emt 0:00:00]} 64. Ke1 {[%emt 0:00:01]} g4 {[%emt 0:00:00]} 65. Kf2 {[%emt 0:00:00]} h5 {[%emt 0:00:00]} 66. Kg1 {[%emt 0:00:00]} h4 {[%emt 0:00:00]} 67. Kh2 {[%emt 0:00:00]} h3 {[%emt 0:00:00]} 68. Kg1 {[%emt 0:00:01]} g3 {[%emt 0:00:00] (Lag: Av=0.59s, max=0.9s) (Lag: Av=0.59s, max=0.9s) (Lag: Av=0.59s, max=0.9s) (Lag: Av=0.59s, max=0.9s) (Lag: Av=0.59s, max=0.9s)} 1/2-1/2

[Event "Stay Safe Play From Home 359"]
[Site "Emanuel Lasker Arena"]
[Date "2020.08.05"]
[Round "3"]
[White "Ao017545"]
[Black "AgentsofShield"]
[Result "0-1"]
[WhiteElo "1549"]
[BlackElo "1940"]
[Annotator "NA RC"]
[PlyCount "70"]
[EventDate "2020.08.05"]
[EventType "swiss (blitz)"]

1. e4 {[%emt 0:00:03]} c5 {[%emt 0:00:01]} 2. Nf3 {[%emt 0:00:00]} Nc6 {[%emt 0:00:03]} 3. Bc4 {[%emt 0:00:00]} e6 {[%emt 0:00:01]} 4. d4 {[%emt 0:00:02]} cxd4 {[%emt 0:00:01]} 5. Nxd4 {[%emt 0:00:01]} Nf6 {[%emt 0:00:01]} 6. Nxc6 {[%emt 0:00:00]} bxc6 {[%emt 0:00:01]} 7. Bg5 {[%emt 0:00:01]} Be7 {[%emt 0:00:01]} 8. Bxf6 {[%emt 0:00:04]} Bxf6 {[%emt 0:00:01]} 9. Nc3 {[%emt 0:00:02]} Qa5 {[%emt 0:00:01]} 10. O-O {[%emt 0:00:02]} Rb8 {[%emt 0:00:02]} 11. Rb1 {[%emt 0:00:03]} Bxc3 {[%emt 0:00:03]} 12. bxc3 {[%emt 0:00:00]} Rxb1 {[%emt 0:00:00]} 13. Qxb1 {[%emt 0:00:01]} Qxc3 {[%emt 0:00:00]} 14. Qb8 {[%emt 0:00:01]} O-O {[%emt 0:00:02]} 15. Bb3 {[%emt 0:00:04]} Ba6 {[%emt 0:00:01]} 16. Qxa7 {[%emt 0:00:06]} Bxf1 {[%emt 0:00:01]} 17. Kxf1 {[%emt 0:00:00]} Qd2 {[%emt 0:00:01]} 18. f3 {[%emt 0:00:03]} d5 {[%emt 0:00:02]} 19. exd5 {[%emt 0:00:02]} cxd5 {[%emt 0:00:00]} 20. Qe7 {[%emt 0:00:01]} d4 {[%emt 0:00:07]} 21. f4 {[%emt 0:00:03]} Qxf4+ {[%emt 0:00:01]} 22. Kg1 {[%emt 0:00:02]} Qe3+ {[%emt 0:00:00]} 23. Kf1 {[%emt 0:00:01]} d3 {[%emt 0:00:00]} 24. cxd3 {[%emt 0:00:02]} Qxd3+ {[%emt 0:00:00]} 25. Kf2 {[%emt 0:00:05]} Qd4+ {[%emt 0:00:02]} 26. Kg3 {[%emt 0:00:00]} Qe3+ {[%emt 0:00:01]} 27. Kh4 {[%emt 0:00:01]} h6 {[%emt 0:00:05]} 28. g4 {[%emt 0:00:01]} Qf2+ {[%emt 0:00:06]} 29. Kh3 {[%emt 0:00:02]} g5 {[%emt 0:00:01]} 30. Qf6 {[%emt 0:00:02]} Qh4+ {[%emt 0:00:01]} 31. Kg2 {[%emt 0:00:01]} Qxg4+ {[%emt 0:00:00]} 32. Kf1 {[%emt 0:00:01]} Qf4+ {[%emt 0:00:03]} 33. Ke1 {[%emt 0:00:00]} Qxf6 {[%emt 0:00:01]} 34. Kd2 {[%emt 0:00:00]} Qe5 {[%emt 0:00:00]} 35. Kc1 {[%emt 0:00:02]} Rd8 {[%emt 0:00:00] Zaman Zaman Zaman Zaman Zaman (Lag: Av=0.90s, max=1.3s) (Lag: Av=0.90s, max=1.3s) (Lag: Av=0.90s, max=1.3s) (Lag: Av=0.90s, max=1.3s) (Lag: Av=0.90s, max=1.3s)} 0-1

[Event "Stay Safe Play From Home 359"]
[Site "Emanuel Lasker Arena"]
[Date "2020.08.05"]
[Round "4"]
[White "NTBT_DHS"]
[Black "Lazieri3"]
[Result "1-0"]
[WhiteElo "2611"]
[BlackElo "2074"]
[Annotator "TA"]
[PlyCount "99"]
[EventDate "2020.08.05"]
[EventType "swiss (blitz)"]

{[%evp 14,99,0,0,17,-10,22,-2,-6,-9,0,-9,4,1,20,17,16,15,21,33,38,32,41,33,31,20,28,16,34,21,29,0,32,0,23,16,62,61,82,62,178,177,162,145,194,185,171,185,168,187,473,487,470,271,263,229,335,276,275,277,252,249,280,214,194,201,198,193,269,270,266,260,522,514,610,597,890,806,5494,2600,12842,6498,5210,5065,4132,1961,1825,0]} 1. e4 c6 2. Nf3 d5 3. Nc3 dxe4 4. Nxe4 Nf6 5. Nxf6+ exf6 6. Bc4 Bd6 7. O-O O-O 8. d4 Re8 {is currently scoring better than 8...Bg4. B15: Caro-Kann: 3 Nc3: 3...g6 and 3...dxe4 4 Nxe4 Nf6 5 Nxf6+ exf6.} 9. c3 {[#]} Be6 $146 (9... Bg4 {with more complications.} 10. Bd3 Na6 11. h3 Bh5 12. Bf5 Bc7) ({Predecessor:} 9... Bg4 10. h3 Bh5 11. Be2 Nd7 12. Re1 f5 13. Bd2 Nf6 14. Bg5 h6 15. Bxf6 Qxf6 16. Nd2 {1-0 (80) Almasi,Z (2684)-Kreisl,R (2448) Baku 2016}) 10. Qb3 Bxc4 {The position is equal.} 11. Qxc4 Nd7 12. Be3 Nb6 13. Qb3 Qc7 14. c4 c5 15. d5 Nd7 16. Rae1 b6 17. g3 Ne5 18. Nxe5 fxe5 19. Bd2 f6 20. Qf3 Re7 21. Bc3 Rae8 22. Re4 a6 23. Rfe1 b5 24. b3 bxc4 25. Rxc4 Qb6 26. Qf5 Qb8 {[#]} (26... Rf7 $14) 27. Rh4 $1 $18 {[%cal Rh4h7]} h6 28. Ree4 {Strongly threatening Reg4.} Qc8 29. Qg6 $36 {[%mdl 2048] And now Rxh6 would win. White is really pushing.} Kf8 {[#]} 30. Rxh6 $1 {[%mdl 576] Deflection} gxh6 31. Qxf6+ {[%mdl 64] Double Attack} Rf7 $2 (31... Kg8 {keeps fighting.}) 32. Qxd6+ Kg8 33. Qxh6 (33. Rxe5 $142 {White wants to mate with Qg6+.} Rxe5 34. Qxe5) 33... Qf5 34. Qe3 Qf3 (34... Ref8 $142 35. Be1 (35. Rxe5 Qxf2+ 36. Qxf2 Rxf2 $14) 35... Re8) 35. Qxf3 ({Weaker is} 35. Rxe5 Rxe5 36. Qxf3 (36. Bxe5 Qxe3 37. fxe3 Rf5 $14) 36... Rxf3 $18) 35... Rxf3 36. Bxe5 {[%mdl 4096] Endgame KRR-KRB} ({But not} 36. Rxe5 $6 Rxe5 37. Bxe5 Rd3 $18) 36... Rd3 37. d6 Kf7 38. Rf4+ Ke6 39. Bg7 Rxd6 40. h4 Rd1+ (40... Rd7 $142) 41. Kg2 Rg8 42. Bc3 Kd5 $2 (42... Rd5 43. Rf6+ Ke7 44. Rxa6 Kf7) 43. h5 {White is clearly winning.} Rd3 44. Rf3 Rxf3 45. Kxf3 {KR-KB} c4 46. h6 cxb3 47. axb3 Rf8+ 48. Kg2 Rf7 49. g4 (49. Bg7 $142 Rb7 50. h7) 49... Ke4 50. Kg3 $2 {[%mdl 32768] Accuracy: White = 76%, Black = 47%. . Sensor Board Error (Ke4/e5)?} ({Better is} 50. Bg7 $18 Kf4 51. h7 Rxg7 52. h8=Q Rxg4+ 53. Kh3) 1-0

[Event "Stay Safe Play From Home 359"]
[Site "Emanuel Lasker Arena"]
[Date "2020.08.05"]
[Round "4"]
[White "Tran Minh Thang"]
[Black "Uber_WING"]
[Result "1-0"]
[WhiteElo "2505"]
[BlackElo "2298"]
[Annotator "TA"]
[PlyCount "77"]
[EventDate "2020.08.05"]
[EventType "swiss (blitz)"]

{[%evp 9,77,0,0,0,0,0,0,0,0,0,7,14,2,0,0,0,0,0,0,0,0,0,5,1,18,0,0,0,11,-204,-188,-284,-284,-274,-279,-287,-277,-279,-279,-272,-256,-250,-232,-241,-218,-282,-275,-275,-29,-29,-23,-53,0,0,334,338,326,270,444,439,577,564,578,576,29966,5310,29984,29985,29989,29990]} 1. d4 e5 2. dxe5 d6 3. Nf3 Nc6 4. Bg5 Qd7 {[#]} 5. Bf4 $146 ({Predecessor:} 5. e4 dxe5 6. Nc3 f6 7. Be3 Qxd1+ 8. Rxd1 Bb4 9. Bc4 Bg4 10. O-O Bxc3 11. bxc3 {1-0 (84) Bauer,C (2623)-Boyer,M (2294) chess.com INT 2020}) 5... Qf5 {[%mdl 64] [#] Double Attack} 6. e3 {A40: Unusual replies to 1 d4.} dxe5 7. Bg3 Nf6 8. Bb5 {The position is equal.} Bd6 9. Nbd2 Bd7 10. Nc4 Qe6 11. Nxd6+ cxd6 12. O-O O-O 13. Re1 Ne4 14. Bd3 Nxg3 15. hxg3 h6 16. e4 Rac8 17. b3 Qf6 18. Bc4 Bg4 19. Bd5 $2 (19. Re3 $11) 19... Nd4 $19 {[%cal Rg4f3]} 20. Rc1 (20. c4 {keeps fighting.}) 20... Bxf3 21. gxf3 Nxf3+ 22. Kg2 Nxe1+ 23. Qxe1 b6 24. c4 Qg5 25. a4 Kh8 26. Qc3 f5 27. Be6 Rce8 ({Don't do} 27... fxe4 28. Bxc8 Rxc8 29. Rd1 $19) 28. Bxf5 Rxf5 $2 (28... Rf6 $19 {...Ref8 is the strong threat.} 29. Rc2 g6) 29. exf5 $11 Qxf5 $19 {[%mdl 4096] Endgame KQR-KQR} 30. Qf3 g6 ({Better is} 30... Qg6 $15) 31. Rd1 $11 Re6 $2 {[%mdl 8192]} (31... Qxf3+ $11 {and Black stays safe.} 32. Kxf3 Re6) 32. Qa8+ $18 {[%mdl 64] [#] Double Attack} Kg7 33. Qxa7+ {[%mdl 64] Double Attack} Kf6 $2 (33... Qf7 34. Qxb6 d5) 34. Qxb6 Qe4+ 35. Kg1 Qf3 36. Rxd6 Rxd6 37. Qxd6+ Kf5 38. Qf8+ Ke4 39. Qa8+ {Accuracy: White = 79%, Black = 62%.} 1-0

[Event "Stay Safe Play From Home 359"]
[Site "Emanuel Lasker Arena"]
[Date "2020.08.05"]
[Round "4"]
[White "AChessPlayer"]
[Black "Stefanone"]
[Result "1-0"]
[WhiteElo "2438"]
[BlackElo "1932"]
[Annotator "TA"]
[PlyCount "53"]
[EventDate "2020.08.05"]
[EventType "swiss (blitz)"]

{[%evp 9,53,50,54,54,40,27,21,27,40,5,41,39,98,99,99,98,122,75,78,83,133,83,95,34,36,2,118,37,60,60,133,93,206,203,211,219,327,214,414,234,366,227,333,329,1826,1732]} 1. Nf3 d5 2. g3 c6 3. Bg2 e6 4. O-O f5 5. d3 Nf6 6. Nbd2 {A07: Réti Opening: New York and Capablanca Systems.} Bc5 7. c3 O-O {[#]} 8. b4 $146 {The position is equal.} ({Predecessor:} 8. a4 Nbd7 9. Qc2 Bb6 10. Nb3 e5 11. e4 fxe4 12. dxe4 Nxe4 13. Be3 Bxe3 14. fxe3 {0-1 (33) Grabowski,M (2000)-Urbanek,M (2076) Torun 2001}) 8... Bb6 9. a3 Bc7 10. e4 Qe7 ({Black should try} 10... e5 $14) 11. e5 $16 Nfd7 12. d4 b6 13. Bb2 Ba6 14. Re1 Bd3 15. Nf1 Be4 16. N3d2 ({White should play} 16. a4 $16) 16... Bxg2 $14 17. Kxg2 c5 {[#]} (17... a5 $11 {remains equal.}) 18. f4 (18. c4 $1 $16) 18... Nc6 19. Ne3 c4 (19... Rfd8 $14) 20. a4 {[%cal Ba3a4,Ba4b5][%mdl 32] b5 is the strong threat.} a6 (20... Qf7 $16 {was necessary.}) 21. b5 Na5 22. Ba3 {[%mdl 64] Skewer} Qf7 (22... Qd8 $142 23. Bxf8 Nxf8) 23. Bxf8 Rxf8 $2 {[#]} (23... Nxf8 {was worth a try.} 24. Rb1 Qe8) 24. Rb1 (24. Nxd5 $142 $1 {[%mdl 512]} exd5 25. e6 {[%mdl 64] Double Attack} (25. bxa6 Qe6 $16)) 24... axb5 (24... Nb8 {might work better.} 25. Nc2 axb5 26. axb5 Bd8) 25. axb5 ({Less strong is} 25. Rxb5 Nb8 $18) 25... h6 (25... Re8 $142 26. Nc2 h6) 26. h4 $18 Qh5 $2 (26... Kh7 27. Kf2 Re8) 27. Qxh5 {Accuracy: White = 41%, Black = 36%.} 1-0

[Event "Stay Safe Play From Home 359"]
[Site "Emanuel Lasker Arena"]
[Date "2020.08.05"]
[Round "4"]
[White "BrainThinker22"]
[Black "Nuktotitakoi"]
[Result "0-1"]
[WhiteElo "2344"]
[BlackElo "2427"]
[Annotator "NA RC"]
[PlyCount "102"]
[EventDate "2020.08.05"]
[EventType "swiss (blitz)"]

1. e4 {[%emt 0:00:01]} d6 {[%emt 0:00:00]} 2. Nc3 {[%emt 0:00:01]} Nf6 {[%emt 0:00:00]} 3. g3 {[%emt 0:00:01]} g6 {[%emt 0:00:00]} 4. Bg2 {[%emt 0:00:01]} h5 {[%emt 0:00:00]} 5. h3 {[%emt 0:00:01]} h4 {[%emt 0:00:00]} 6. g4 {[%emt 0:00:01]} c5 {[%emt 0:00:00]} 7. d3 {[%emt 0:00:01]} Nc6 {[%emt 0:00:00]} 8. Be3 {[%emt 0:00:00]} Bg7 {[%emt 0:00:00]} 9. Qd2 {[%emt 0:00:00]} Rb8 {[%emt 0:00:00]} 10. Nge2 {[%emt 0:00:00]} b5 {[%emt 0:00:00]} 11. a3 {[%emt 0:00:00]} a5 {[%emt 0:00:01]} 12. O-O {[%emt 0:00:00]} b4 {[%emt 0:00:00]} 13. axb4 {[%emt 0:00:00]} axb4 {[%emt 0:00:00]} 14. Nd1 {[%emt 0:00:00]} Bb7 {[%emt 0:00:03]} 15. f4 {[%emt 0:00:01]} Qc7 {[%emt 0:00:03]} 16. c3 {[%emt 0:00:01]} bxc3 {[%emt 0:00:01]} 17. bxc3 {[%emt 0:00:00]} Na5 {[%emt 0:00:01]} 18. Nc1 {[%emt 0:00:01]} Bc6 {[%emt 0:00:02]} 19. e5 {[%emt 0:00:03]} dxe5 {[%emt 0:00:03]} 20. Bxc5 {[%emt 0:00:01]} Bxg2 {[%emt 0:00:02]} 21. Rxa5 {[%emt 0:00:04]} Qxa5 {[%emt 0:00:02]} 22. Bb4 {[%emt 0:00:00]} Qa8 {[%emt 0:00:01]} 23. Qxg2 {[%emt 0:00:02]} Qxg2+ {[%emt 0:00:03]} 24. Kxg2 {[%emt 0:00:00]} e4 {[%emt 0:00:01]} 25. d4 {[%emt 0:00:02]} Nd5 {[%emt 0:00:01]} 26. Bc5 {[%emt 0:00:02]} Kd7 {[%emt 0:00:02]} 27. Ne2 {[%emt 0:00:07]} f5 {[%emt 0:00:02]} 28. g5 {[%emt 0:00:01]} Rb1 {[%emt 0:00:01]} 29. Kf2 {[%emt 0:00:01]} Ra8 {[%emt 0:00:02]} 30. Ne3 {[%emt 0:00:02]} Rxf1+ {[%emt 0:00:03]} 31. Nxf1 {[%emt 0:00:00]} Ra2 {[%emt 0:00:01]} 32. Ne3 {[%emt 0:00:00]} Nxc3 {[%emt 0:00:01]} 33. d5 {[%emt 0:00:03]} Rxe2+ {[%emt 0:00:01]} 34. Kf1 {[%emt 0:00:00]} Rxe3 {[%emt 0:00:01]} 35. Bxe3 {[%emt 0:00:00]} Nxd5 {[%emt 0:00:00]} 36. Bc1 {[%emt 0:00:02]} e6 {[%emt 0:00:00]} 37. Ke2 {[%emt 0:00:01]} Bf8 {[%emt 0:00:01]} 38. Bd2 {[%emt 0:00:00]} Bd6 {[%emt 0:00:00]} 39. Bc1 {[%emt 0:00:00]} Bxf4 {[%emt 0:00:00]} 40. Ba3 {[%emt 0:00:01]} Bxg5 {[%emt 0:00:00]} 41. Bc5 {[%emt 0:00:01]} f4 {[%emt 0:00:00]} 42. Bg1 {[%emt 0:00:00]} f3+ {[%emt 0:00:00]} 43. Kf2 {[%emt 0:00:00]} Be3+ {[%emt 0:00:01]} 44. Kf1 {[%emt 0:00:00]} Bxg1 {[%emt 0:00:00]} 45. Kxg1 {[%emt 0:00:00]} e3 {[%emt 0:00:00]} 46. Kf1 {[%emt 0:00:00]} Nf4 {[%emt 0:00:00]} 47. Ke1 {[%emt 0:00:01]} Nd3+ {[%emt 0:00:01]} 48. Kf1 {[%emt 0:00:00]} e2+ {[%emt 0:00:00]} 49. Kg1 {[%emt 0:00:01]} e1=Q+ {[%emt 0:00:00]} 50. Kh2 {[%emt 0:00:00]} Qg3+ {[%emt 0:00:00]} 51. Kh1 {[%emt 0:00:00]} Qg2# {[%emt 0:00:00] Mate Mate Mate Mate Mate} 0-1